Introducción a la contabilidad mecanizada por registro directo

Salvato in:
Dettagli Bibliografici
Ente Autore: Olivetti Argentina (Autore)
Natura: Libro
Lingua:spagnolo
Pubblicazione: Buenos Aires EUDEBA 1967
Serie:Manuales de EUDEBA. Economía
Soggetti:
Tags: Aggiungi Tag
Nessun Tag, puoi essere il primo ad aggiungerne!!

MARC

LEADER 00000nam a2200000 a 4500
001 UCR9842
003 CL-VaPUC
008 980619e19670000AG |||||||||||||||||spa|d
082 0 4 |a 657.453  |b OLI  |2 21 
110 2 |a Olivetti Argentina  |e author  |9 412783 
245 1 0 |a Introducción a la contabilidad mecanizada por registro directo 
300 |a 101 p 
942 |c BK 
945 |d 19980619 00:00:00  |a cmena 
260 |a Buenos Aires  |b EUDEBA  |c 1967 
650 0 |a Contabilidad   |9 261430 
650 0 |a Computadores  |9 258188 
650 0 |a Aplicaciones de computadores  |9 260401 
650 0 |a Análisis de datos  |9 269871 
650 0 |a Administración financiera  |9 261146 
650 0 |a Auditoría  |9 307008 
650 7 |a INGRESO DE DATOS  |2 CL-VaPUC  |9 412784 
583 |a last modification  |c 19980619 00:00:00  |k Rodrigo Vera 
490 0 |a Manuales de EUDEBA. Economía 
999 |c 271018  |d 271016 
952 |0 0  |1 0  |4 0  |6 657_453000000000000_OLI_1967  |7 0  |8 A  |9 305503  |a BIBGIM  |b BIBGIM  |d 2019-11-20  |i 1422189  |o 657.453 OLI 1967  |p 1422189  |r 2025-01-15  |w 2019-11-20  |y BK  |k COM